MARC-Details
| 000 -Satzkennung |
| Kontrollfeld mit fester Länge |
02143cam a2200601 4500 |
| 001 - Kontrollnummer |
| Kontrollfeld |
275309444 |
| 003 - Kontrollnummer Identifier |
| Kontrollfeld |
DE-627 |
| 005 - Datum und Zeit der letzten Transaktion |
| Kontrollfeld |
20220310145206.0 |
| 007 - Feld mit fester Länge zur physischen Beschreibung - Allgemeine Information |
| Kontrollfeld mit fester Länge |
tu |
| 008 - Feld mit fester Länge zur physischen Beschreibung - Allgemeine Angaben |
| Kontrollfeld mit fester Länge |
900704s1990 gw ||||| 00| ||ger c |
| 015 ## - Nummer der Nationalbibliografie |
| Nummer der Nationalbibliografie |
90,A34,0321 |
| Quelle |
dnb |
| 020 ## - Internationale Standardbuchnummer |
| Internationale Standardbuchnummer |
3801201589 |
| 035 ## - Systemkontrollnummer |
| System-Kontrollnummer |
(DE-627)275309444 |
| 035 ## - Systemkontrollnummer |
| System-Kontrollnummer |
(DE-576)020889569 |
| 035 ## - Systemkontrollnummer |
| System-Kontrollnummer |
(DE-599)GBV275309444 |
| 035 ## - Systemkontrollnummer |
| System-Kontrollnummer |
(OCoLC)243426765 |
| 035 ## - Systemkontrollnummer |
| System-Kontrollnummer |
(OCoLC)22911293 |
| 035 ## - Systemkontrollnummer |
| System-Kontrollnummer |
(DE-615)00833874 |
| 035 ## - Systemkontrollnummer |
| System-Kontrollnummer |
(DE-Rt5)1592525 |
| 040 ## - Katalogisierungsquelle |
| Original-Katalogisierungsstelle |
DE-627 |
| Katalogisierungssprache |
ger |
| Übertragungsstelle |
DE-627 |
| Beschreibungsfestlegungen |
rakwb |
| Bearbeitungsstelle |
DE-2950 |
| 041 ## - Sprachcode |
| Sprachcode des Textes/der Tonspur oder des separaten Titels |
ger |
| 044 ## - Ländercode der veröffentlichenden/herstellenden Stelle |
| ISO-Ländercode |
XA-DE |
| 050 #0 - Signatur der Library of Congress |
| Notation |
JN3971.A98 |
| 082 0# - Notation nach der Dewey Decimal Classification |
| Notation |
324.243/072 |
| 084 ## - Andere Notation |
| Notation |
16 |
| Quelle der Nummer |
sdnb |
| 084 ## - Andere Notation |
| Notation |
RA05.02 |
| Quelle der Nummer |
fivr |
| 084 ## - Andere Notation |
| Notation |
SF03 |
| Quelle der Nummer |
fivs |
| 084 ## - Andere Notation |
| Notation |
MG 15361 |
| Quelle der Nummer |
rvk |
| IDN des Normdatensatzes oder Standardnummer |
(DE-625)rvk/122818:12115 |
| 100 1# - Haupteintragung - Personenname |
| Personenname |
Eppler, Erhard |
| Datumsangaben in Verbindung mit einem Namen |
1926-2019 |
| IDN des Normdatensatzes oder Standardnummer |
(DE-588)11853064X |
| -- |
(DE-627)079331300 |
| -- |
(DE-576)208910352 |
| Code für Beziehungskennzeichnung |
aut |
| 245 10 - Titel |
| Titel |
Plattform für eine neue Mehrheit: |
| Zusatz zum Titel |
ein Kommentar zum Berliner Programm der SPD / |
| Verfasserangabe etc. |
Erhard Eppler. |
| 263 ## - Geplantes Erscheinungsdatum |
| Geplantes Erscheinungsdatum |
kart. 9,90 |
| 264 #1 - Produktion, Veröffentlichung, Distribution, Herstellung und Urheberrechtsvermerk |
| Herstellungs-, Veröffentlichungs- Vertriebs-, Erzeugungsort |
Bonn: |
| Produzent, Herausgeber, Distributor, Hersteller |
Dietz, |
| Datum der Herstellung, der Veröffentlichung, des Vertriebs oder des Urheberschutzvermerks |
1990. |
| 300 ## - Physische Beschreibung |
| Umfang |
123 S. |
| Maße |
19 cm |
| 336 ## - Inhaltstyp |
| Inhaltstypterm |
Text |
| Inhaltstypcode |
txt |
| Quelle |
rdacontent |
| 337 ## - Medientyp |
| Bezeichnung des Medientyps |
ohne Hilfsmittel zu benutzen |
| Medientypcode |
n |
| Quelle |
rdamedia |
| 338 ## - Datenträgertyp |
| Datenträgertypbezeichnung |
Band |
| Datenträgertypcode |
nc |
| Quelle |
rdacarrier |
| 490 1# - Gesamttitelangabe |
| Gesamttitelangabe |
Politik im Taschenbuch |
| Bandnummer/Folgebezeichnung |
1 |
| 520 ## - Fußnote zu Zusammenfassungen usw. |
| Fußnote zur Zusammenfassung usw. |
Erhard Eppler: Plattform für eine neue Mehrheit. Ein Kommentar zum Berliner Programm der SPD. Verlag J. H. W. Dietz Nachf., Bonn 1990. 123 Seiten, 9,80 Mark |
| 546 ## - Fußnote zur Sprache |
| Sprache |
Deutsch |
| 583 1# - Fußnote zum Bearbeitungsvermerk |
| Bearbeitung |
Archivierung/Langzeitarchivierung gewährleistet |
| Autorisierende Stelle |
SLG |
| OPAC-Notiz |
BfZ |
| Quelle der Ansetzung oder des Terms |
pdager |
| Das Unterfeld gibt die Institution an, auf die sich das Feld bezieht |
DE-24 |
| 610 10 - Nebeneintragung unter einem Schlagwort - Körperschaftsname |
| Körperschafts- oder Gebietskörperschaftsname als Eintragungselement |
Sozialdemokratische Partei Deutschlands |
| Unterteilung nach Form |
Platforms |
| Allgemeine Unterteilung |
History |
| Chronologische Unterteilung |
20th century |
| 650 07 - Nebeneintragung unter einem Schlagwort - Sachschlagwort |
| IDN des Normdatensatzes oder Standardnummer |
(DE-588)4044764-9 |
| -- |
(DE-627)10620436X |
| -- |
(DE-576)20906224X |
| Sachschlagwort oder geografischer Name als Eintragungselement |
Parteiprogramm |
| Quelle der Ansetzung oder des Terms |
gnd |
| 650 07 - Nebeneintragung unter einem Schlagwort - Sachschlagwort |
| IDN des Normdatensatzes oder Standardnummer |
(DE-588)4136757-1 |
| -- |
(DE-627)105655147 |
| -- |
(DE-576)209671858 |
| Sachschlagwort oder geografischer Name als Eintragungselement |
Parteipolitik |
| Quelle der Ansetzung oder des Terms |
gnd |
| 650 #4 - Nebeneintragung unter einem Schlagwort - Sachschlagwort |
| Sachschlagwort oder geografischer Name als Eintragungselement |
Wirtschaft |
| 650 #4 - Nebeneintragung unter einem Schlagwort - Sachschlagwort |
| Sachschlagwort oder geografischer Name als Eintragungselement |
Wirtschaftspolitik |
| 651 #4 - Nebeneintragung unter einem Schlagwort - Geografischer Name |
| Geografischer Name |
Deutschland (seit 1990) |
| 951 ## - EQUIVALENCE OR CROSS-REFERENCE--GEOGRAPHIC NAME/AREA NAME [OBSOLETE] [CAN/MARC only] |
| Geografischer Name |
BO |
| 830 #0 - Nebeneintragung unter dem Gesamttitel - Einheitstitel |
| Einheitstitel |
Politik im Taschenbuch |
| Bandnummer/Folgebezeichnung |
1 |
| Koha-Normdatenidentnummer |
100 |
| Datensatzkontrollnummer |
(DE-627)182310574 |
| -- |
(DE-576)020888988 |
| -- |
(DE-600)1196137-5 |
| 936 rv - OCLC/CONSER MISCELLANEOUS DATA (OCLC); PIECE USED FOR CATALOGING (pre-AACR2) (RLIN) |
| OCLC control number(s) of parallel record(s) (OCLC); Piece used for cataloging, PUC (RLIN) |
MG 15361 |
| 936 fi - OCLC/CONSER MISCELLANEOUS DATA (OCLC); PIECE USED FOR CATALOGING (pre-AACR2) (RLIN) |
| OCLC control number(s) of parallel record(s) (OCLC); Piece used for cataloging, PUC (RLIN) |
RA05.02 |
| 936 fi - OCLC/CONSER MISCELLANEOUS DATA (OCLC); PIECE USED FOR CATALOGING (pre-AACR2) (RLIN) |
| OCLC control number(s) of parallel record(s) (OCLC); Piece used for cataloging, PUC (RLIN) |
SF03 |
| 942 ## - Zusätzliche Felder (Koha) |
| Klassifikation oder Aufstellungssystematik |
Andere/Generische Klassifikation |
| Koha-Medientyp |
Bücher |